Mozart a Praha : výstava k dvoustému výročí skladatelovy smrti : Národní galerie v Praze, Palác Kinských, září - říjen 1991 /
| Korporativní autor: | Palác Kinských (Staré Město, Praha, Česko) |
|---|---|
| Další autoři: | Assmann, Jan Nepomuk, 1956-2013 |
| Jazyk: | Němčina Francouzština Čeština Angličtina |
| Vydáno: |
V Praze : Národní galerie, 1991 |
| Vydání: | Vyd. 1. |
| Témata: | |
| Fyzický popis: |
36 s. : il., portréty ; 25 cm |
| Language note: |
Část. souběžný anglický, francouzský a německý text |
|
| LEADER | 01482nam a22003732a 4500 | ||
|---|---|---|---|
| 001 | 001700739 | ||
| 003 | CZ BrMZK | ||
| 005 | 20201020145941.0 | ||
| 007 | ta | ||
| 008 | 190809s1991 xr ac er|||||||||||cze d | ||
| 015 | |z cnb000063998 | ||
| 020 | |a 80-7035-029-6 |q (brož.) | ||
| 035 | |a (OCoLC)39561206 | ||
| 040 | |a ABA001 |b cze |d ABA001 |d BOA001 | ||
| 041 | 1 | |a cze |a eng |a fre |a ger |h cze | |
| 072 | 7 | |a 78.07 |x Hudebníci, skladatelé a jiná hudební povolání |2 Konspekt |9 9 | |
| 080 | 9 | |a 908.437.1 | |
| 080 | 9 | |a 929Mozart,W.A. | |
| 080 | 9 | |a 061.4 | |
| 080 | 9 | |a 76 | |
| 245 | 0 | 0 | |a Mozart a Praha : |b výstava k dvoustému výročí skladatelovy smrti : Národní galerie v Praze, Palác Kinských, září - říjen 1991 / |c [koncepce výstavy, výběr exponátů a zpracování katalogu komisař výstavy] Jan N. Assmann |
| 250 | |a Vyd. 1. | ||
| 260 | |a V Praze : |b Národní galerie, |c 1991 | ||
| 300 | |a 36 s. : |b il., portréty ; |c 25 cm | ||
| 500 | |a 1200 výt. | ||
| 546 | |a Část. souběžný anglický, francouzský a německý text | ||
| 600 | 1 | 7 | |a Mozart, Wolfgang Amadeus, |d 1756-1791 |7 jn19990005867 |2 czenas |
| 655 | 7 | |a katalogy výstav |7 fd132536 |2 czenas | |
| 700 | 1 | |a Assmann, Jan Nepomuk, |d 1956-2013 |7 jn20000400038 |4 wfw | |
| 710 | 2 | |a Palác Kinských (Staré Město, Praha, Česko) |7 ko2005315692 | |
| 910 | |a BOA001 |b X2-0972.197 | ||
| 990 | |a BK | ||
| 991 | |b 201908 | ||
| 996 | 6 | |b 2618820279 |c X2-0972.197 |l MZK |r Sklad / do 24 hodin |n 0 |w 001747343 |u 000010 |a 1 |e BOA001 |j MZK50 |s P | |
English
Čeština 